| 000 | 01090nam a2200205Ia 4500 | ||
|---|---|---|---|
| 999 |
_c38538 _d38538 |
||
| 001 | 4639 | ||
| 003 | GE_BSU | ||
| 005 | 20190514185056.0 | ||
| 008 | 181216s2001|||| |||||||||||||| ||geo|| | ||
| 040 | _cGE_BSU | ||
| 041 | _ageo | ||
| 080 | _a002 ს–96 | ||
| 100 |
_aსურმანიძე, ზ _91142 |
||
| 245 |
_aინფორმატიკა;მონაცემი და ინფორმაცია. პერსონალური კომპიუტერი, ოპერციული სისტემა Windous, სტანდარტული და საოფისე პროგრამები.დოკუმენტთა დამუშავების
ავტომატიზაცია, ინტერნეტი და ინტრანეტი. / _cზ. სურმანიძე |
||
| 264 |
_aბათუმი, _b2001. |
||
| 300 |
_a191 გვ.; _c20 სმ. |
||
| 653 | _aინფორმატიკა. | ||
| 653 | _aსაინფორმაციო ტექნოლოგიები | ||
| 942 |
_cBK _2udc |
||